00827nam a22002417a 450000500170000001000110001702000100002803500110003803700160004904000120006508200170007710000250009424500540011926000360017327000350020930000250024450000510026965000260032065000320034694200260037899900190040495201620042320170124110008.0 a551702 c25.00 a551702 bCen Lib/Ret aDPLbEN a352.026bAGA aAgarwal, R.D.917245 aLaw of municipal corporations /cby R.D. Agarawal bLaw Book Com.aAllahabad c1969 bAllahabad asadar patel margh  aliv, 622p.c23cm(Hb) aIncludes bibliographical references and index  aMunicipal Law 973364 aMunicipal coporation917246 2ddccENh352.026mAGA c126328d126328 04104070aLbLd2015-06-25eCen Lib/Retg25.00l0o352.026 AGAp551702r2015-06-25 00:00:00t1v25.00w2015-06-25yENzW/d List No. 6892/8 ; dtd 26/09/2020